Goals And Goal Setting : Achieving Measured Objectives (Record no. 95284)

MARC details
000 -LEADER
fixed length control field 00599nam a2200229Ia 4500
005 - DATE AND TIME OF LATEST TRANSACTION
control field 20251121182739.0
008 - FIXED-LENGTH DATA ELEMENTS--GENERAL INFORMATION
fixed length control field 230125s9999 xx 000 0 und d
020 ## - INTERNATIONAL STANDARD BOOK NUMBER
International Standard Book Number 56052-677-7
041 ## - LANGUAGE CODE
Language code of text/sound track or separate title eng
082 ## - DEWEY DECIMAL CLASSIFICATION NUMBER
Classification number 158.1
Item number ROU
100 ## - MAIN ENTRY--PERSONAL NAME
Author Rouillard L
245 ## - TITLE STATEMENT
Title Goals And Goal Setting : Achieving Measured Objectives
250 ## - EDITION STATEMENT
Edition statement 3rd Ed.
260 ## - PUBLICATION, DISTRIBUTION, ETC.
Date of publication, distribution, etc. 2003
Name of publisher, distributor, etc. Crisp Pub
Place of publication, distribution, etc. America
300 ## - PHYSICAL DESCRIPTION
Extent 106p
Dimensions Paper Back
440 ## - SERIES STATEMENT/ADDED ENTRY--TITLE
Volume/sequential designation 1
500 ## - GENERAL NOTE
Keywords Personality Development<br/>
650 ## - SUBJECT ADDED ENTRY--TOPICAL TERM
Topical term or geographic name entry element Personality Development
700 ## - ADDED ENTRY--PERSONAL NAME
Personal name Rouillard L
942 ## - ADDED ENTRY ELEMENTS (KOHA)
Koha item type Books
906 ## - LOCAL DATA ELEMENT F, LDF (RLIN)
b 27
Holdings
Withdrawn status Lost status Damaged status Not for loan Home library Current library Date acquired Vendor Net Price Bill number Total Checkouts Full call number Barcode Date last seen Actual Price Bill Date Koha item type Original Barcode
        Smt. Hiraben Nanavati Institute of Management & Research for Women Smt. Hiraben Nanavati Institute of Management & Research for Women 09/03/2019 Pritam Book Centre 99.00 10803   158.1 ROU B18636 HIMR-BK-18636 25/01/2023 72.00 08/03/2019 Books B18636